000 00891cam a2200229 a 4500
001 000011975
005 20200929162636.0
008 920730s1990 pr b 000 0 spa
040 _aDO-SdBNP
_bspa
_cLC
_dBNPHU
082 _a394.295
_bL864f
100 1 _aLópez Cantos, Angel.
_915714
245 1 0 _aFiestas y juegos en Puerto Rico (siglo XVIII) /
_cAngel López Cantos.
260 _aSan Juan, Puerto Rico :
_bCentro de Estudios Avanzados de Puerto Rico y el Caribe,
_c1990.
300 _a376 p. ;
_c23 cm.
504 _aIncluye referencias bibliográficas p. 365-376.
650 4 _aFiestas
_zPuerto Rico
_xHistoria
_ySIGLO XVIII
_928281
650 4 _aDeportes
_zPuerto Rico
_xHistoria
_ySIGLO XVIII
_928282
650 4 _aJuegos
_zPuerto Rico
_xHistoria
_ySIGLO XVIII
_928283
651 4 _aPuerto Rico
_xVida Social Y Costumbres
_99074
910 _aCatalogación por copia / LC
049 _aBNGR
999 _c11644
_d11644